Central Library OPAC University of Rajshahi

النقد الأدبي الحديث ;; al-naqd al-adabī al-ḥadīth / (Record no. 78051)

MARC details
000 -LEADER
fixed length control field 00833cam a2200241 u 4500
001 - CONTROL NUMBER
control field 78051
003 - CONTROL NUMBER IDENTIFIER
rucl marc code BD-RjUL
005 - DATE AND TIME OF LATEST TRANSACTION
control field 20211209083101.0
008 - FIXED-LENGTH DATA ELEMENTS--GENERAL INFORMATION
fixed length control field 210311s2003 le || |000 0 ara |
020 ## - INTERNATIONAL STANDARD BOOK NUMBER
International Standard Book Number 977142534X
035 ## - SYSTEM CONTROL NUMBER
System control number (BD-RjUL)78277
040 ## - CATALOGING SOURCE
Original cataloging agency UkOxU
Transcribing agency UkOxU
Language of cataloging eng
041 ## - LANGUAGE CODE
Language code of text/sound track or separate title ara
066 ## - CHARACTER SETS PRESENT
Alternate G0 or G1 character set (3
082 ## - DEWEY DECIMAL CLASSIFICATION NUMBER
Edition number 23
Classification number 892.709
Author mark and year HEN 2004
100 1# - MAIN ENTRY--PERSONAL NAME
Personal name هلال، محمد غنيمي ;; Hilal, Mohamed Ghoneimi
9 (RLIN) 245907
245 10 - TITLE STATEMENT
Title النقد الأدبي الحديث ;; al-naqd al-adabī al-ḥadīth /
Statement of responsibility, etc. محمد غنيمي هلال ;; Mohammed Ghanimi Hilal
260 ## - PUBLICATION, DISTRIBUTION, ETC. (IMPRINT)
Place of publication, distribution, etc. نهضة مصر :
Name of publisher, distributor, etc. للطباعة والنشر التوزيع,
Date of publication, distribution, etc. 2003
300 ## - PHYSICAL DESCRIPTION
Pagination 668 p. ;
Size 25 cm.
650 #0 - SUBJECT ADDED ENTRY--TOPICAL TERM
Topical term or geographic name as entry element Arabic literature
Chronological subdivision 20th century
General subdivision History and criticism
9 (RLIN) 245908
Topical term or geographic name as entry element Criticism.
9 (RLIN) 245909
942 ## - ADDED ENTRY ELEMENTS (KOHA)
Source of classification or shelving scheme Dewey Decimal Classification
Koha item type Books
Holdings
Lost status Source of classification or shelving scheme Damaged status Not for loan Collection code Permanent Location Current Location Shelving location Date acquired Source of acquisition Cost, normal purchase price Total Checkouts Full call number Date last seen Copy number Koha item type
  Dewey Decimal Classification   Not For Loan Non-fiction Central Library, University of Rajshahi Central Library, University of Rajshahi Reading Room 10/07/2008 Maktabatul Arabiah , Dhaka 1000.00   A 892.709 HEN 2004 11/03/2021 C-1 Books